000 00537nam a2200205Ia 4500
003 OSt
005 20250123153320.0
008 210716s1999 xx 000 0 und d
020 _a0373167628
040 _cAIMIT LIBRARY
041 _aeng
082 _a808.83
_21
_bSCAD
100 _aScalera, Daelene.
_9194978
245 _aMan for megan /
_cBy Darlene Scalera.
250 _a1st ed.
260 _aNew York :
_bHarlequin Books ;
_c1999.
300 _a251p. ;
_bPB
_c17 cm.
440 _v6
942 _2ddc
_cBK
_e1st ed.
_k808.83 SCAD
999 _c199996
_d199996